LIBRARY & INFORMATION CENTRE, KCAET, TAVANUR

ONLINE PUBLIC ACCESS CATALOGUE (OPAC)

Principles of Information Systems:Manegerial Approach / (Record no. 13044)

MARC details
000 -LEADER
fixed length control field 00414cam a2200145ua 4500
020 ## - INTERNATIONAL STANDARD BOOK NUMBER
ISBN 13:978-81-315-0320-1
082 ## - DEWEY DECIMAL CLASSIFICATION NUMBER
Classification number 004
Item number STA/PR
100 ## - MAIN ENTRY--AUTHOR NAME
Personal name Stair,Ralph .
100 ## - MAIN ENTRY--AUTHOR NAME
Personal name Reynolds , George .
245 ## - TITLE STATEMENT
Title Principles of Information Systems:Manegerial Approach /
250 ## - EDITION STATEMENT
Edition statement 1 st
260 ## - PUBLICATION, DISTRIBUTION, ETC. (IMPRINT)
Place of publication New Delhi :
Name of publisher Cengage Learning India Pvt. Ltd. ,
Year of publication 2008.
300 ## - PHYSICAL DESCRIPTION
Number of Pages 664 ;
Accompanying material `.
942 ## - ADDED ENTRY ELEMENTS (KOHA)
Koha item type Books
Holdings
Withdrawn status Lost status Damaged status Collection code Home library Current library Shelving location Date acquired Source of acquisition Cost, normal purchase price Full call number Accession Number Koha item type
        KAUAET KAUAET Scheme 30/08/2016 Penta Books. 395.00 004. STA/PR BB 119 Book Bank scheme for SC students
        KAUAET KAUAET Scheme 30/08/2016 Penta Books. 395.00 004. STA/PR BB 120 Book Bank scheme for SC students
free website counter